000 00416nam a2200133Ia 4500
008 231129s2015||||xx |||||||||||||| ||spa||
020 _a978-958-58231-4-3
040 _bspa
082 _a986.1 C718c
245 0 _aColombia centralidades históricas en transformación
260 _c2015
264 _aBogotá Colombia : Instituto Distrital de Patrimonio Cultural
942 _2ddc
_cBKS
999 _c7307
_d7307